| 000 | 00554nam a22001697a 4500 | ||
|---|---|---|---|
| 999 |
_c15217 _d15217 |
||
| 003 | OSt | ||
| 082 | _2631.587 JIN/OP | ||
| 088 | _aT 109 | ||
| 100 |
_aJINU A _92789 |
||
| 245 | _aOptimization of greenhouse ventilation for humid tropics | ||
| 260 |
_aTavanur 2000 _bKelappaji College of Agricultural Engineering and Technology |
||
| 300 | _a117 | ||
| 500 | _aOptimization of greenhouse ventilation for humid tropics | ||
| 520 | _aOptimization of greenhouse ventilation for humid tropics | ||
| 700 |
_aEr. Abdul Hakkim V. M (Guide) _92746 |
||
| 942 | _cTH | ||